| 000 | 00482nam a22001697a 4500 | ||
|---|---|---|---|
| 008 | 230524b |||||||| |||| 00| 0 eng d | ||
| 020 | _a0-85365-747-5 | ||
| 040 |
_aNational Science Library _cNational Science Library |
||
| 080 |
_aR 801.311(038) _bM6 |
||
| 100 |
_aViney, Nigel _99806 |
||
| 245 | _aDictionary of toponyms | ||
| 260 |
_aLondon: _bThe Libraray Association, _c1986 |
||
| 300 | _aviii, 87p. | ||
| 650 | _aLiterature | ||
| 653 | _aGazetteers | ||
| 942 |
_2udc _cREF |
||
| 999 |
_c34115 _d34115 |
||